1261 1889 1604 1110 1942 1106 1485 1403 1704 1805 1478 1831 1795 1706 1582 1210 1027 1634 1693 1194 1494 1795 1191 1377 1199 1160 1525 1293 1043 1461 1181 1469 1769 1842 1848 1096 1336 1321 1088 1423 1881 1966 1573 1725 1257 1242 1856 1649 1815 1086 1526 1004 1073 1390 1023 1450 1396 1309 1674 1585 1219 1370 1539 1701 1509 1017 1970 1897 1347 1205 1099 1275 1070 1463 1618 1676 1877 1914 1065 1771 1400 1609 1810 1414 1793 1529 1274 1386 1388 1088 1899 1845 1811 1190 1371 1450 1749 1142 1565 BCNSPRNW ULIB Ver.6.0+V

เปลี่ยนเป็นภาษาไทย

Change to English
 แสดงรายละเอียดบรรณานุกรม
  กลับหน้าหลัก

Brief Record : Get Marc (ISO 2709) : E-mail record : QR code < ปิดหน้าต่าง
LEADER : 00000nam 2200000uu 4500
001    13399128988
003     ULIB
008    020711s2566 th a 000 0 tha d
050    ^aวจ.^bLB1023^cช111ผ
100    ^aชญานิศ ชอบอรุณสิทธิ
245    ^aรายงานการวิจัย เรื่อง ผลการใช้การเรียนแบบ STEM Education ผ่านกรณีศึกษาเป็นฐาน (case - based learning) ต่อความรู้และทัศนคติเกี่ยวกับผู้สูงอายุของนักศึกษาพยาบาลชั้นปีที่ 2 มหาวิทยาลัยสวนดุสิต.
260     ^bม.ป.ท.,^c2566
300    ^a61 หน้า;^c28 ซม.
650    ^aการเรียนการสอน
945    ^p0^l0^i011242
999    ^aประนอม เกษจรัล
รายการนี้ยังไม่มีแท็ก
คุณยังไม่ได้ล็อกอิน คุณสามารถมีกิจกรรมร่วมกับเว็บไซต์ได้ แต่ต้องล็อกอินก่อน ::
  ล็อกอิน

รายการสื่อสารสนเทศ

ลำดับที่ ประเภท เลขเรียก/บาร์โค้ด สถานที่ สถานะ
1. การศึกษาทั่วไป
หนังสือสำรอง
สถานะ=หนังสือสำรอง
วจ. LB1023 ช111ผ ฉ.1 
  Barcode: 011242
ห้องสมุดวิทยาเขตสวรรค์ประชารักษ์
►หนังสือทั่วไป
บนชั้น

รายการใกล้เคียง
    หัวเรื่อง [การเรียนการสอน]

BibComment


ยังไม่เคยถูกคอมเมนท์

คอมเมนท์ทรัพยากรรายการนี้
  คอมเมนท์: รายงานการวิจัย เ..


 Copyright 2026. Bcnsprnw @Library